00441nam a2200193Ia 4500008004100000020001800041050001400059100001500073245001200088245001500100260001500115260001600130260000900146300001500155300002700170300001000197440003200207500000800239170918s9999 xx 000 0 und d a9780439162937 bW876 2000 aWood, Lily aBats /  cLily Wood. aNew York : bScholastic, c2000 a32 pages : bcolored illustration ; c23cm. aScholastic science readers. a220